000 01149nam a2200217Ia 4500
003 Ost
005 20260507075030.0
008 260507s9999||||xx |||||||||||||| ||und||
040 _cfsecg
041 _aara
082 _a330
100 _aحنفي، عبد الغفار
_eمؤلف
245 0 _aتنظيم وإدارة البنوك :
_bالسياسات المصرفية، تحليل القوائم المالية وقياس االفعالية، الجوانب التنظمية والإدارة /
_c عبد الغفار حنفي
260 _aالإسكندرية:
_bالمكتب العربي الحديث,
_c2000
300 _a494 صفحة؛
_bإيضاحات ؛
_c24 سم
520 _aالنظام المصرفي في مصر وتطوره، سياسات السيولة والودائع، القروض والسلفيات، تحليل القوائم المالية للبنوك التجارية، تخصيص الأموال على بنود التوظيف للبنك التجاري
653 _aالإدارة المالية
653 _aالبنوك
700 _aأبو قحف، عبد السلام
_eمؤلف ثانوي
942 _cكتاب
999 _c42384
_d42384